000 00381nab a22001097u 4500
008 130520b2007 xxu||||| |||| 00| 0 eng d
041 _aeng
100 1 _aStarkloff, Carl F.
_915826
245 0 0 _aTheology and Aboriginal religion: Continuing "The Wider Ecumenism"
_cCarl F. Starkloff
773 0 _tTheological Studies
_gV.68, nº2,2007,págs. 287-319
_x0040-5639
_wRev483
942 _cAR
999 _c301734
_d301734